00574 a2200181 4500008004100000010001400041020002300055035001300078037001800091082001200109100001600121245005000137250001200187260003500199270010900234300002900343500002000372080908t xxu||||| |||| 00| 0 eng d aENG-87659 a818360031Xc195.00 aEN-71192 bD.B.Act / Pub a621.381 aJain, K. C. aElectrical and instrumentationcby K. C. Jain a2nd ed. aNew DelhibJain Brothersc2007 a16/873, East Park Road, Karol BaghbNew Delhie110005k011-23618426, 011-23619023mjain_bros@hotmail.com axx, 391 p.c24 cm. (Pbk) aIncludes index